|
|
|
|
| LEADER |
00694cam a2200217 a 4500 |
| 001 |
0000064581 |
| 005 |
20030609090000.0 |
| 040 |
|
|
|a mod
|
| 041 |
|
|
|a eng
|
| 020 |
0 |
0 |
|a 0201711591
|
| 090 |
0 |
0 |
|a 006.3
|b NEG
|e 2002
|
| 100 |
1 |
0 |
|a Negnevitsky
|h Michael
|
| 245 |
1 |
0 |
|a Artificial intelligene
|b a guide to intteligent systems
|c Michael Negnevitsky
|
| 250 |
0 |
0 |
|a 1st ed.
|
| 260 |
0 |
0 |
|a London
|b Addison-Wesley
|c 2002
|
| 300 |
0 |
0 |
|a xiv, 394 p. :
|b ill. ;
|c 24 cm.
|
| 500 |
0 |
0 |
|a Includes bibliographical references and index
|
| 650 |
0 |
0 |
|a Artificial intelligence.
|
| 650 |
0 |
0 |
|a Expert systems (Computer science)
|
| 852 |
0 |
0 |
|a 01
|
| 999 |
|
|
|a 0208219
|b KEMENTAH
|d BOOKS
|e Rujukan
|f Perpustakaan KEMENTAH
|j AVAILABLE
|q GOOD CONDITION
|